000 00273pam a2200109a 44500
008 230405s2022 xxu||||| |||| 00| 0 eng d
041 _aENG
100 _aJAMES CLEAR
245 _aTHE PSYCHOLOGY OF MONEY
260 _a
_bJAICO PUB HOUSE MUMBAI MUMBAI
_c2022
906 _a5441
999 _c280712
_d280712